[Event "Granby"]
[Site "Granby CAN"]
[Date "2018.11.24"]
[Round "3.6"]
[White "Samson, Gaetan"]
[Black "Mok, Yuen Tak"]
[Result "1/2-1/2"]
[WhiteElo "1762"]
[BlackElo "1924"]
[PlyCount "162"]
[EventDate "2018.11.23"]
[EventType "swiss"]
[EventRounds "5"]
[EventCountry "CAN"]

1. e4 e5 2. Nf3 Nf6 3. Nxe5 d6 4. Nf3 Nxe4 5. Nc3 Nxc3 6. dxc3 Be7 7. Bd3 Nd7
8. O-O Nc5 9. Be2 O-O 10. Re1 Re8 11. Be3 Bf5 12. Qd2 Qd7 13. Rad1 Qa4 14. Nd4
Ne4 15. Qc1 Bd7 16. a3 c6 17. Nb3 c5 18. f3 Nf6 19. Bg5 Be6 20. Bxf6 Bxf6 21.
g3 Rad8 22. Nd2 d5 23. b3 Qc6 24. Nb1 b5 25. Qf4 h6 26. a4 a6 27. h4 d4 28.
axb5 axb5 29. Na3 Rb8 30. c4 b4 31. Nb5 Bd7 32. Bd3 g5 33. Qd6 gxh4 34. Kg2
Qxd6 35. Nxd6 Rxe1 36. Rxe1 hxg3 37. Kxg3 Be6 38. Ne4 Be7 39. Rh1 Kg7 40. Kf2
Rh8 41. Ng3 Kf8 42. Ra1 Bh4 43. Rh1 Bxg3+ 44. Kxg3 h5 45. Kf4 Ke7 46. Kg5 f6+
47. Kh4 Bf7 48. Ra1 Rc8 49. Ra7+ Kf8 50. Bf5 Re8 51. Be4 Re5 52. Ra8+ Kg7 53.
Ra7 Kf8 54. Ra8+ Re8 55. Ra7 Re7 56. Ra8+ Kg7 57. Rc8 Re5 58. Rc7 Kf8 59. Rc8+
Ke7 60. Rc7+ Ke8 61. Rc8+ Kd7 62. Rf8 Ke7 63. Rc8 f5 64. Bd3 f4 65. Be4 Be6 66.
Rh8 Bf7 67. Rh7 Kf6 68. Rh6+ Kg7 69. Rc6 Be8 70. Rc7+ Kf6 71. Rh7 Bg6 72. Rh6
Rg5 73. Bxg6 Rxg6 74. Rxh5 Rg2 75. Rxc5 Rxc2 76. Rd5 Rc3 77. Kg4 d3 78. Kxf4
Rxb3 79. Ke4 Rc3 80. Rxd3 Rxc4+ 81. Rd4 Rxd4+ 1/2-1/2

[Event "Granby"]
[Site "Granby CAN"]
[Date "2018.11.24"]
[Round "3.7"]
[White "Mathieu, Guillaume"]
[Black "Papineau (Granby), Daniel"]
[Result "1/2-1/2"]
[WhiteElo "1910"]
[BlackElo "2073"]
[PlyCount "150"]
[EventDate "2018.11.23"]
[EventType "swiss"]
[EventRounds "5"]
[EventCountry "CAN"]

1. d4 Nf6 2. Nf3 e6 3. Bg5 c5 4. c3 cxd4 5. Qxd4 Nc6 6. Qa4 Be7 7. Nbd2 d5 8.
e3 Bd7 9. Bb5 a6 10. Bxc6 Bxc6 11. Qc2 b5 12. O-O O-O 13. Rfd1 Qb6 14. Ne5 Rac8
15. a4 Be8 16. Qb3 Qb8 17. axb5 axb5 18. Nd3 Bd6 19. Bxf6 gxf6 20. h3 Kh8 21.
Ra6 Rg8 22. Nb4 Bc5 23. Nd3 Bd6 24. Rda1 Bc6 25. Nb4 Bb7 26. Rb6 Qc7 27. Rxb5
Rb8 28. Ra7 Bc5 29. Na6 Qe5 30. Rbxb7 Qg5 31. g4 Bxa7 32. Rxb8 Bxb8 33. Nxb8 f5
34. Nd7 fxg4 35. hxg4 Qxg4+ 36. Kf1 Ra8 37. f3 Qg5 38. Ke2 Qe7 39. Ne5 f6 40.
Nc6 Qc7 41. Nd4 Rb8 42. Qa3 Qh2+ 43. Kd3 e5 44. Nf5 Qh3 45. Nd6 Qe6 46. c4
dxc4+ 47. N6xc4 Rd8+ 48. Kc2 Qc6 49. Qe7 Rc8 50. b4 Re8 51. Qf7 Qe6 52. Qxe6
Rxe6 53. b5 h5 54. Kd3 Kg7 55. Ne4 Re8 56. Ned6 Rd8 57. Ke4 Kg6 58. b6 h4 59.
f4 Kh5 60. fxe5 fxe5 61. b7 h3 62. Nf5 h2 63. Kxe5 Kg4 64. Nh6+ Kh3 65. Nf7
Re8+ 66. Kd4 h1=Q 67. Nfd6 Rd8 68. e4 Qg1+ 69. Kd5 Qg7 70. Kc6 Qd7+ 71. Kb6 Rb8
72. e5 Kh4 73. Na5 Kg5 74. Nc6 Rxb7+ 75. Nxb7 Kf5 1/2-1/2

[Event "Granby"]
[Site "Granby CAN"]
[Date "2018.11.24"]
[Round "3.8"]
[White "Page, Dany"]
[Black "Nunez, Omar"]
[Result "1/2-1/2"]
[WhiteElo "1624"]
[BlackElo "1948"]
[PlyCount "27"]
[EventDate "2018.11.23"]
[EventType "swiss"]
[EventRounds "5"]
[EventCountry "CAN"]

1. b3 f5 2. Bb2 Nf6 3. Nf3 g6 4. e3 Bg7 5. Be2 O-O 6. c4 d6 7. d4 Ne4 8. Nbd2
Nxd2 9. Qxd2 e6 10. O-O Nd7 11. Rfd1 Nf6 12. Qc2 b6 13. Rac1 Ne4 14. Nd2
1/2-1/2

[Event "Granby"]
[Site "Granby CAN"]
[Date "2018.11.25"]
[Round "4.3"]
[White "Turcotte, Jonathan"]
[Black "Zhong, Kevin"]
[Result "1/2-1/2"]
[WhiteElo "2057"]
[BlackElo "2278"]
[PlyCount "67"]
[EventDate "2018.11.23"]
[EventType "swiss"]
[EventRounds "5"]
[EventCountry "CAN"]

1. d4 d5 2. c4 e6 3. Nf3 Nf6 4. Nc3 Be7 5. Bg5 h6 6. Bh4 O-O 7. e3 Ne4 8. Bxe7
Qxe7 9. Rc1 c6 10. Bd3 Nxc3 11. Rxc3 Nd7 12. O-O e5 13. dxe5 dxc4 14. Rxc4 Nxe5
15. Re4 Nxf3+ 16. Qxf3 Be6 17. Bc4 Rad8 18. Bxe6 fxe6 19. Qg4 Rd2 20. Rxe6 Qd7
21. Qc4 Qf7 22. f4 Rxb2 23. f5 Rd8 24. Qe4 Rbd2 25. f6 Rd1 26. Rxd1 Rxd1+ 27.
Kf2 Rd8 28. Qg4 h5 29. Qf5 Re8 30. Rxe8+ Qxe8 31. e4 Qf7 32. Qc8+ Kh7 33. Qf5+
Kg8 34. Qc8+ 1/2-1/2

[Event "Granby"]
[Site "Granby CAN"]
[Date "2018.11.25"]
[Round "4.4"]
[White "Mok, Yuen Tak"]
[Black "Leger, Maxime"]
[Result "0-1"]
[WhiteElo "1924"]
[BlackElo "2058"]
[PlyCount "62"]
[EventDate "2018.11.23"]
[EventType "swiss"]
[EventRounds "5"]
[EventCountry "CAN"]

1. Nf3 g6 2. c4 Bg7 3. Nc3 Nf6 4. e4 d6 5. d4 O-O 6. Be2 Na6 7. O-O e5 8. dxe5
dxe5 9. Qc2 c6 10. Nxe5 Nxe4 11. Nxc6 bxc6 12. Qxe4 Bf5 13. Qf3 Nb4 14. Be3 Nc2
15. Rad1 Qa5 16. Qxc6 Nxe3 17. fxe3 Rac8 18. Qf3 h5 19. h3 Rce8 20. Rd5 Qb6 21.
c5 Qxb2 22. Rxf5 gxf5 23. Nd5 Re5 24. Bd3 Rd8 25. Bc4 Qc2 26. Bb3 Qxc5 27. Rd1
a5 28. a4 Kf8 29. Kh1 Rb8 30. e4 fxe4 31. Qg3 e3 0-1

[Event "Granby"]
[Site "Granby CAN"]
[Date "2018.11.25"]
[Round "4.5"]
[White "Leger, Manon"]
[Black "Mathieu, Guillaume"]
[Result "1/2-1/2"]
[WhiteElo "1783"]
[BlackElo "1910"]
[PlyCount "93"]
[EventDate "2018.11.23"]
[EventType "swiss"]
[EventRounds "5"]
[EventCountry "CAN"]

1. e4 d6 2. d4 g6 3. c4 Nf6 4. Nc3 Bg7 5. Be2 Na6 6. Nf3 O-O 7. h3 e5 8. d5 Nc5
9. Qc2 a5 10. Be3 Na6 11. a3 Nh5 12. O-O f5 13. exf5 Bxf5 14. Bd3 Bxd3 15. Qxd3
Nf4 16. Bxf4 Nc5 17. Qc2 Rxf4 18. b4 e4 19. Nd2 Qf6 20. Rac1 Qxc3 21. Qxc3 Bxc3
22. Rxc3 axb4 23. axb4 Ra2 24. bxc5 Rxd2 25. cxd6 cxd6 26. f3 Rd3 27. Rxd3 exd3
28. Rd1 Rxc4 29. Rxd3 Rc5 30. Kf2 Rc2+ 31. Kg3 b5 32. Rd4 Rc4 33. Rxc4 bxc4 34.
Kf4 Kf7 35. Ke4 Kf6 36. Kd4 g5 37. Kxc4 Ke5 38. g3 h5 39. Kd3 Kxd5 40. f4 gxf4
41. gxf4 Ke6 42. Ke4 Kf6 43. h4 Ke6 44. f5+ Kf6 45. Kd5 Kxf5 46. Kxd6 Kf4 47.
Kd5 1/2-1/2

[Event "Granby"]
[Site "Granby CAN"]
[Date "2018.11.25"]
[Round "4.6"]
[White "Samson, Gaetan"]
[Black "Lalonde, Jean-Louis"]
[Result "1-0"]
[WhiteElo "1762"]
[BlackElo "1862"]
[PlyCount "35"]
[EventDate "2018.11.23"]
[EventType "swiss"]
[EventRounds "5"]
[EventCountry "CAN"]

1. e4 c5 2. Nf3 Nc6 3. d4 cxd4 4. Nxd4 Nf6 5. Nc3 e5 6. Nb3 Be7 7. Bd3 d6 8.
O-O Be6 9. f4 exf4 10. Rxf4 g5 11. Rf1 Ng4 12. Nd5 a6 13. h3 Nge5 14. Be3 Nd7
15. Qh5 h6 16. Nd4 Nf6 17. Rxf6 Bxf6 18. Nxe6 1-0

[Event "Granby"]
[Site "Granby CAN"]
[Date "2018.11.25"]
[Round "4.7"]
[White "Papineau (Granby), Daniel"]
[Black "Page, Dany"]
[Result "1-0"]
[WhiteElo "2073"]
[BlackElo "1624"]
[PlyCount "88"]
[EventDate "2018.11.23"]
[EventType "swiss"]
[EventRounds "5"]
[EventCountry "CAN"]

1. d4 c5 2. d5 Nf6 3. Nf3 d6 4. g3 g6 5. Bg2 Bg7 6. O-O O-O 7. a4 Na6 8. Nc3
Bf5 9. Nh4 Bc8 10. h3 h6 11. e4 Nc7 12. Be3 Nd7 13. Qd2 Kh7 14. f4 Nb6 15. Qe2
e6 16. a5 Nd7 17. Rad1 e5 18. f5 g5 19. Nf3 f6 20. Kf2 b6 21. Rh1 Ba6 22. Qd2
Rh8 23. axb6 axb6 24. Bf1 b5 25. b3 Qb8 26. Be2 Nb6 27. h4 b4 28. Nb1 Kg8 29.
hxg5 hxg5 30. Rxh8+ Bxh8 31. Bxg5 Bxe2 32. Kxe2 Kf7 33. Rh1 Qg8 34. Rh6 Ra1 35.
Rg6 Qh7 36. Bh6 Rxb1 37. g4 Nb5 38. g5 Nd4+ 39. Nxd4 exd4 40. Rg7+ Bxg7 41. g6+
Qxg6 42. fxg6+ Kxg6 43. Bxg7 Kxg7 44. Qf4 Nc8 1-0

[Event "Granby"]
[Site "Granby CAN"]
[Date "2018.11.25"]
[Round "4.8"]
[White "Nunez, Omar"]
[Black "Simard, Francois"]
[Result "1-0"]
[WhiteElo "1948"]
[BlackElo "1896"]
[PlyCount "65"]
[EventDate "2018.11.23"]
[EventType "swiss"]
[EventRounds "5"]
[EventCountry "CAN"]

1. d4 d5 2. Bf4 c5 3. Bxb8 Rxb8 4. dxc5 Qa5+ 5. Nc3 e6 6. e4 Nf6 7. Bb5+ Bd7 8.
Bxd7+ Kxd7 9. exd5 Nxd5 10. Nge2 Kc7 11. Qd2 Nxc3 12. Nxc3 Kc6 13. O-O-O Qc7
14. Qd3 a6 15. Qf3+ Kxc5 16. Na4+ Kb5 17. Nc3+ Kb6 18. Qe3+ Kc6 19. Rd4 b5 20.
Rhd1 Bc5 21. Qf3+ Kb6 22. Rd7 Qc6 23. Ne4 Qa8 24. Rxf7 Rhf8 25. Nxc5 Rxf7 26.
Qxf7 Rc8 27. b4 a5 28. Rd6+ Rc6 29. Nd7+ Ka6 30. Qxe6 Rxd6 31. Qxd6+ Kb7 32.
Nc5+ Kc8 33. Qf8+ 1-0

[Event "Granby"]
[Site "Granby CAN"]
[Date "2018.11.25"]
[Round "5.3"]
[White "Zhong, Kevin"]
[Black "Samson, Gaetan"]
[Result "1-0"]
[WhiteElo "2278"]
[BlackElo "1762"]
[PlyCount "77"]
[EventDate "2018.11.23"]
[EventType "swiss"]
[EventRounds "5"]
[EventCountry "CAN"]

1. e4 c5 2. Ne2 d6 3. g3 Nf6 4. Bg2 e6 5. c3 Be7 6. d4 O-O 7. O-O Nc6 8. h3 d5
9. e5 Ne4 10. f3 f5 11. fxe4 dxe4 12. Be3 Qb6 13. Qb3 Qa6 14. Rf2 Qd3 15. c4
Nb4 16. Nf4 Qxb3 17. axb3 g5 18. Nh5 Nd3 19. Rf1 Nxb2 20. d5 Nd3 21. Nf6+ Bxf6
22. exf6 h6 23. Nc3 e5 24. Nxe4 fxe4 25. Bxe4 Nf4 26. gxf4 exf4 27. Bxf4 gxf4
28. Rxf4 Kf7 29. d6 Ke6 30. Bd5+ Kxd6 31. f7 Bxh3 32. Re1 Rab8 33. Rf6+ Kd7 34.
Rxh6 Bf5 35. Rh5 Bc2 36. Rhe5 Rbd8 37. Re7+ Kc8 38. Bxb7+ Kb8 39. Bd5 1-0

[Event "Granby"]
[Site "Granby CAN"]
[Date "2018.11.25"]
[Round "5.4"]
[White "Zheng, Richard"]
[Black "Turcotte, Jonathan"]
[Result "1/2-1/2"]
[WhiteElo "2028"]
[BlackElo "2057"]
[PlyCount "41"]
[EventDate "2018.11.23"]
[EventType "swiss"]
[EventRounds "5"]
[EventCountry "CAN"]

1. e4 c6 2. d4 d5 3. exd5 cxd5 4. Bd3 Nc6 5. c3 Qc7 6. Ne2 Bg4 7. f3 Bd7 8. O-O
Nf6 9. Re1 e5 10. dxe5 Nxe5 11. Bf4 Bd6 12. Bxe5 Bxe5 13. f4 Bd6 14. Nd4+ Kf8
15. g3 g6 16. Nd2 Kg7 17. N2f3 Rhe8 18. Qc2 a6 19. Rxe8 Rxe8 20. Re1 Rxe1+ 21.
Nxe1 1/2-1/2

[Event "Granby"]
[Site "Granby CAN"]
[Date "2018.11.25"]
[Round "5.5"]
[White "Mathieu, Guillaume"]
[Black "Nunez, Omar"]
[Result "1/2-1/2"]
[WhiteElo "1910"]
[BlackElo "1948"]
[PlyCount "24"]
[EventDate "2018.11.23"]
[EventType "swiss"]
[EventRounds "5"]
[EventCountry "CAN"]

1. d4 d6 2. Nf3 f5 3. b3 g6 4. e3 Bg7 5. Bb2 Nf6 6. c4 O-O 7. Be2 Ne4 8. O-O
Nc6 9. Nfd2 Nxd2 10. Qxd2 e5 11. d5 Ne7 12. f4 exf4 1/2-1/2

[Event "Granby"]
[Site "Granby CAN"]
[Date "2018.11.25"]
[Round "5.6"]
[White "Papineau (Granby), Daniel"]
[Black "Mercure, Gilbert"]
[Result "0-1"]
[WhiteElo "2073"]
[BlackElo "1925"]
[PlyCount "56"]
[EventDate "2018.11.23"]
[EventType "swiss"]
[EventRounds "5"]
[EventCountry "CAN"]

1. d4 d5 2. c4 Nc6 3. e3 e5 4. cxd5 Qxd5 5. Nc3 Bb4 6. Bd2 Bxc3 7. bxc3 Nf6 8.
c4 Qd6 9. d5 Ne7 10. Qb3 a5 11. Ne2 Nd7 12. Nc3 Nc5 13. Nb5 Qd8 14. Qa3 b6 15.
Rd1 Ba6 16. Nc3 O-O 17. Be2 f5 18. O-O Qd6 19. Qb2 Rf6 20. Qc2 Raf8 21. f3 Rh6
22. Be1 f4 23. Bf2 Nf5 24. Ne4 Nxe4 25. Qxe4 Rxh2 26. Qxf5 Rxf5 27. Kxh2 Rh5+
28. Kg1 Qh6 0-1

[Event "Granby"]
[Site "Granby CAN"]
[Date "2018.11.25"]
[Round "5.7"]
[White "Beaudry, Marc-Andre"]
[Black "Leger, Manon"]
[Result "1-0"]
[WhiteElo "1997"]
[BlackElo "1783"]
[PlyCount "87"]
[EventDate "2018.11.23"]
[EventType "swiss"]
[EventRounds "5"]
[EventCountry "CAN"]

1. c4 e5 2. Nc3 Nf6 3. Nf3 d6 4. g3 Be7 5. Bg2 Nbd7 6. d4 O-O 7. O-O c6 8. e4
Qc7 9. h3 exd4 10. Nxd4 Re8 11. b3 Bf8 12. Bb2 Nc5 13. Qc2 Ne6 14. Rad1 Nxd4
15. Rxd4 Be6 16. Kh2 Rad8 17. Rfd1 a6 18. R1d2 Rc8 19. f4 Bd7 20. Qd1 c5 21.
R4d3 Bc6 22. Re3 b5 23. Nd5 Nxd5 24. cxd5 Bd7 25. e5 c4 26. bxc4 Qxc4 27. e6
fxe6 28. dxe6 Qc5 29. Bd4 Qc7 30. exd7 Qxd7 31. Red3 Kh8 32. Be5 b4 33. Bxd6
Bxd6 34. Rxd6 Qb5 35. Qf1 Qxf1 36. Bxf1 a5 37. Bb5 Rf8 38. Ba4 g6 39. Rc6 Rcd8
40. Rcc2 Rxd2+ 41. Rxd2 Rf5 42. Kg2 Rc5 43. Bb3 h6 44. Rd5 1-0

[Event "Granby"]
[Site "Granby CAN"]
[Date "2018.11.25"]
[Round "5.8"]
[White "Page, Dany"]
[Black "Mok, Yuen Tak"]
[Result "1-0"]
[WhiteElo "1624"]
[BlackElo "1924"]
[PlyCount "85"]
[EventDate "2018.11.23"]
[EventType "swiss"]
[EventRounds "5"]
[EventCountry "CAN"]

1. e4 e5 2. Nf3 Nf6 3. Nxe5 d6 4. Nf3 Nxe4 5. Nc3 Nxc3 6. dxc3 Be7 7. Be3 Nc6
8. Bd3 Ne5 9. Nxe5 dxe5 10. Qf3 Bd6 11. O-O-O Qf6 12. Bb5+ Kf8 13. Qe2 a6 14.
Bd3 h6 15. h4 g6 16. f4 Qe6 17. fxe5 Bxe5 18. Bc4 Qe7 19. Qd2 Kg7 20. Bd4 Bg4
21. Rdf1 Rhf8 22. Qf4 f6 23. Qxg4 Bxd4 24. Qxd4 Rad8 25. Qf2 b5 26. Bd3 h5 27.
Rh3 Kf7 28. Rg3 Rg8 29. Re1 Qd6 30. Rge3 Rd7 31. Qe2 Rg7 32. Re6 Qf4+ 33. Kb1
Qxh4 34. Rxa6 Kg8 35. Qe8+ Kh7 36. Rae6 Qg5 37. Qa8 Kh6 38. Qh8+ Rh7 39. Qf8+
Rdg7 40. Rxf6 Qxg2 41. Rxg6+ Qxg6 42. Bxg6 Kxg6 43. Rg1+ 1-0

[Event "Granby CC-ch"]
[Site "Granby CAN"]
[Date "2018.05.01"]
[Round "3"]
[White "Marcone, Malcom"]
[Black "Deslandes, Raynalde"]
[Result "1-0"]
[WhiteElo "2007"]
[BlackElo "1496"]
[PlyCount "65"]
[EventDate "2018.04.17"]
[EventType "swiss"]
[EventRounds "5"]
[EventCountry "CAN"]

1. c4 Nf6 2. Nf3 g6 3. Nc3 Bg7 4. e4 d6 5. d4 O-O 6. Be2 e5 7. O-O Nc6 8. d5
Ne7 9. Ne1 Nd7 10. Nd3 f5 11. f3 b6 12. b4 Ba6 13. Nb2 f4 14. a4 Bb7 15. a5 Rf6
16. Bd2 c6 17. a6 Bc8 18. dxc6 Nxc6 19. Nd5 Rf7 20. c5 Bf8 21. cxd6 Bxd6 22.
Nc4 Nf6 23. Bc3 Qf8 24. Nxd6 Qxd6 25. Bc4 Kg7 26. Qb3 Be6 27. Rad1 Bxd5 28.
exd5 Ne7 29. Rfe1 Nd7 30. Qb2 Kf6 31. Rxe5 Nxe5 32. Re1 Rc8 33. Bxe5+ 1-0

[Event "Grand Pacific op"]
[Site "Victoria CAN"]
[Date "2018.03.30"]
[Round "1.1"]
[White "Cao, Jason"]
[Black "Zhu, Brandon"]
[Result "1-0"]
[WhiteElo "2423"]
[BlackElo "2048"]
[PlyCount "119"]
[EventDate "2018.03.30"]
[EventType "swiss"]
[EventRounds "6"]
[EventCountry "CAN"]

1. e4 d5 2. exd5 Nf6 3. d4 Bg4 4. f3 Bf5 5. c4 e6 6. dxe6 Nc6 7. Be3 Bb4+ 8.
Nc3 fxe6 9. a3 Bxc3+ 10. bxc3 O-O 11. Ne2 Qe7 12. Ng3 Rad8 13. Be2 Bg6 14. O-O
b6 15. Re1 Qf7 16. Ra2 Qd7 17. Bf1 e5 18. Rd2 e4 19. fxe4 Nxe4 20. Nxe4 Bxe4
21. Rf2 Rxf2 22. Bxf2 Qf5 23. Bg3 Na5 24. c5 Rd7 25. Be2 Qd5 26. Bg4 Re7 27.
Qe2 Nc6 28. cxb6 axb6 29. Be5 Nxe5 30. dxe5 Qc5+ 31. Qe3 Qxe3+ 32. Rxe3 Bc6 33.
h4 Bd7 34. e6 Bc6 35. h5 Kf8 36. Bf5 Bd5 37. Bxh7 Rxe6 38. Rxe6 Bxe6 39. Kf2
Ke7 40. Ke3 Kf6 41. Kf4 g5+ 42. Ke4 c6 43. g3 Bg4 44. h6 Be6 45. Ke3 c5 46. Be4
Kf7 47. h7 Kg7 48. Kf3 Kh8 49. Bg6 Kg7 50. Ke4 Bb3 51. Ke5 b5 52. Kd6 c4 53.
Kc5 Ba4 54. Kb4 Kh8 55. Be8 Kxh7 56. Bxb5 Bd1 57. Bc6 g4 58. a4 Bf3 59. Kc5 Kg6
60. a5 1-0

[Event "Grand Pacific op"]
[Site "Victoria CAN"]
[Date "2018.03.30"]
[Round "1.2"]
[White "Huang, Patrick"]
[Black "Ginsburg, Mark"]
[Result "0-1"]
[WhiteElo "2039"]
[BlackElo "2372"]
[PlyCount "92"]
[EventDate "2018.03.30"]
[EventType "swiss"]
[EventRounds "6"]
[EventCountry "CAN"]

1. d4 Nf6 2. Nf3 g6 3. Nc3 d5 4. Bf4 Bg7 5. e3 O-O 6. Be2 c5 7. Ne5 cxd4 8.
exd4 Nc6 9. Qd2 Bf5 10. h4 Qb6 11. Nxc6 bxc6 12. O-O-O Ne4 13. Nxe4 dxe4 14. c3
Be6 15. Bh6 Qa5 16. a3 Rab8 17. Bxg7 Kxg7 18. h5 g5 19. c4 Qxd2+ 20. Rxd2 a5
21. Rc2 f5 22. Rc3 Rfd8 23. Rd1 Kf6 24. Kc2 g4 25. Rb3 Kg5 26. Rxb8 Rxb8 27.
Rh1 Bf7 28. h6 a4 29. g3 f4 30. gxf4+ Kxf4 31. Rh4 Be6 32. Rh5 Bf5 33. Kc1 Rd8
34. d5 cxd5 35. cxd5 Rxd5 36. Bd1 Rd4 37. Rh1 e5 38. Be2 e3 39. fxe3+ Kxe3 40.
Bb5 Be4 41. Rg1 Bf3 42. Re1+ Kf4 43. Kc2 g3 44. Bd3 g2 45. Kc3 Rd6 46. Bxh7
Rxh6 0-1

[Event "Grand Pacific op"]
[Site "Victoria CAN"]
[Date "2018.03.30"]
[Round "1.4"]
[White "Roback, Joe"]
[Black "Matras-Clement, Agnieszka"]
[Result "1/2-1/2"]
[WhiteElo "2005"]
[BlackElo "2300"]
[PlyCount "55"]
[EventDate "2018.03.30"]
[EventType "swiss"]
[EventRounds "6"]
[EventCountry "CAN"]

1. e4 c5 2. Nf3 Nc6 3. d4 cxd4 4. Nxd4 Nf6 5. Nc3 e6 6. Ndb5 Bb4 7. a3 Bxc3+ 8.
Nxc3 d5 9. exd5 exd5 10. Bg5 O-O 11. Be2 Re8 12. O-O d4 13. Na2 Qd6 14. Nc1 Bf5
15. Bxf6 Qxf6 16. Bd3 Ne5 17. Qd2 Rac8 18. Re1 Qg6 19. Kh1 h6 20. Bxf5 Qxf5 21.
Nd3 Nxd3 22. cxd3 Qb5 23. Rec1 Qb3 24. Kg1 a6 25. Kh1 Kh7 26. Rab1 b5 27. h3
Kg8 28. Kg1 1/2-1/2

[Event "Grand Pacific op"]
[Site "Victoria CAN"]
[Date "2018.03.30"]
[Round "1.5"]
[White "Doknjas, John"]
[Black "Jacobsen, Henrik"]
[Result "1-0"]
[WhiteElo "2291"]
[BlackElo "1951"]
[PlyCount "89"]
[EventDate "2018.03.30"]
[EventType "swiss"]
[EventRounds "6"]
[EventCountry "CAN"]

1. b3 d5 2. Bb2 Bf5 3. e3 e6 4. c4 Nf6 5. Nf3 Nbd7 6. Nc3 c6 7. Be2 h6 8. d4
Bd6 9. h3 Qe7 10. a3 O-O 11. b4 dxc4 12. Bxc4 e5 13. O-O e4 14. Nd2 Nh7 15. f4
exf3 16. Qxf3 Bg6 17. e4 Rad8 18. Qf2 Bc7 19. Nf3 Ng5 20. Nxg5 Qxg5 21. Rad1
Nf6 22. Bc1 Qg3 23. Qxg3 Bxg3 24. Bf4 Bxf4 25. Rxf4 Rfe8 26. e5 Nd5 27. Bxd5
cxd5 28. Nb5 a6 29. Nd6 Re7 30. Rc1 Rdd7 31. Rc8+ Kh7 32. Rc5 Rc7 33. Rxd5 b6
34. Nf5 Bxf5 35. Rxf5 Rc3 36. Rf3 Rc2 37. Rd6 Rec7 38. Rxb6 Rd2 39. Rxa6 h5 40.
Kh2 Rcc2 41. Rg3 Rxd4 42. e6 fxe6 43. Rxe6 Rd7 44. b5 Ra2 45. Ra6 1-0

[Event "Grand Pacific op"]
[Site "Victoria CAN"]
[Date "2018.03.30"]
[Round "1.6"]
[White "Zheng, Maven"]
[Black "Findlay, Ian"]
[Result "0-1"]
[WhiteElo "1939"]
[BlackElo "2290"]
[PlyCount "70"]
[EventDate "2018.03.30"]
[EventType "swiss"]
[EventRounds "6"]
[EventCountry "CAN"]

1. d4 Nf6 2. c4 c5 3. d5 e6 4. Nc3 exd5 5. cxd5 d6 6. e4 g6 7. f3 Bg7 8. Be3
O-O 9. Qd2 Re8 10. a4 Na6 11. Nge2 Nc7 12. Ng3 a6 13. Be2 Bd7 14. a5 Nb5 15.
Na4 h5 16. Nb6 Rb8 17. O-O Nh7 18. Rab1 Nd4 19. b4 h4 20. bxc5 dxc5 21. Nxd7
Qxd7 22. Nh1 Nf6 23. Rfc1 Nxd5 24. Bf2 Nxe2+ 25. Qxe2 Nc3 26. Rxc3 Bxc3 27.
Bxc5 Bxa5 28. Nf2 Qd2 29. Qc4 b5 30. Qb3 Qc3 31. Qd5 Rbd8 32. Qg5 Re5 33. Qf4
Rxc5 34. Ng4 Qd4+ 35. Kf1 Qd3+ 0-1

[Event "Grand Pacific op"]
[Site "Victoria CAN"]
[Date "2018.03.30"]
[Round "1.8"]
[White "Freeze, Gregory"]
[Black "MacKinnon, Keith"]
[Result "0-1"]
[WhiteElo "1900"]
[BlackElo "2280"]
[PlyCount "70"]
[EventDate "2018.03.30"]
[EventType "swiss"]
[EventRounds "6"]
[EventCountry "CAN"]

1. d4 Nf6 2. Nc3 d5 3. Bf4 e6 4. Nb5 Na6 5. e3 c6 6. Nc3 b5 7. a3 b4 8. axb4
Nxb4 9. Bd3 a5 10. Nge2 Nxd3+ 11. cxd3 Bb4 12. O-O O-O 13. Ng3 Ba6 14. Be5 Nd7
15. Bf4 Re8 16. Nge2 e5 17. dxe5 Nxe5 18. Bxe5 Rxe5 19. Nd4 Qf6 20. Nce2 Re7
21. Qc2 Rc7 22. Rfc1 c5 23. Nf4 Rd7 24. Nf3 d4 25. Rd1 Re8 26. Qc1 dxe3 27.
fxe3 h6 28. e4 Bb7 29. Nh5 Qa6 30. Qe3 c4 31. dxc4 Rxe4 32. Qf2 Qxc4 33. Rxd7
Bc5 34. Nd4 Bxd4 35. Nf6+ gxf6 0-1

[Event "Grand Pacific op"]
[Site "Victoria CAN"]
[Date "2018.03.30"]
[Round "1.9"]
[White "Doknjas, Joshua"]
[Black "Wei, Daniel"]
[Result "1-0"]
[WhiteElo "2256"]
[BlackElo "1885"]
[PlyCount "43"]
[EventDate "2018.03.30"]
[EventType "swiss"]
[EventRounds "6"]
[EventCountry "CAN"]

1. e4 c5 2. Nf3 Nc6 3. Bb5 g6 4. Bxc6 bxc6 5. O-O Bg7 6. Re1 Nf6 7. e5 Nd5 8.
c4 Nb6 9. d4 cxd4 10. Qxd4 O-O 11. Qh4 Ba6 12. b3 d5 13. Bh6 f6 14. Nd4 Qd7 15.
Bxg7 Kxg7 16. c5 Nc8 17. e6 Qc7 18. Re3 Qa5 19. Nc3 Rg8 20. Nf5+ gxf5 21. Rh3
h5 22. Qxh5 1-0

[Event "Grand Pacific op"]
[Site "Victoria CAN"]
[Date "2018.03.30"]
[Round "1.10"]
[White "Doknjas, Neil"]
[Black "Nyamdorj, Davaa-Ochir"]
[Result "0-1"]
[WhiteElo "1888"]
[BlackElo "2253"]
[PlyCount "94"]
[EventDate "2018.03.30"]
[EventType "swiss"]
[EventRounds "6"]
[EventCountry "CAN"]

1. e4 e5 2. Nf3 Nc6 3. d4 exd4 4. Nxd4 Bc5 5. Be3 Bb6 6. c3 Nf6 7. Nd2 O-O 8.
Bc4 Re8 9. O-O d5 10. Bb5 Ng4 11. Nxc6 bxc6 12. Bxb6 cxb5 13. Bd4 c5 14. f3
cxd4 15. fxg4 dxe4 16. Qb3 Be6 17. Qxb5 dxc3 18. Nxe4 Qd4+ 19. Nf2 cxb2 20.
Rad1 Qc3 21. Ne4 Qe3+ 22. Nf2 Bxg4 23. Rd3 Be2 24. Rxe3 Bxb5 25. Rxe8+ Rxe8 26.
Rb1 Rc8 27. Rxb2 Rc1+ 28. Nd1 Rxd1+ 29. Kf2 Be8 30. Ke2 Rh1 31. h3 a5 32. Kf2
a4 33. Rc2 f5 34. Kf3 Rf1+ 35. Kg3 f4+ 36. Kg4 h6 37. Kf5 Kh7 38. Ke5 Bf7 39.
a3 f3 40. g4 f2 41. Kf4 Bd5 42. Ke3 Rh1 43. Rxf2 Rxh3+ 44. Kd4 Bg8 45. Kc5 Rxa3
46. Rf1 Rb3 47. Ra1 a3 0-1

[Event "Grand Pacific op"]
[Site "Victoria CAN"]
[Date "2018.03.30"]
[Round "1.12"]
[White "Geng, Matthew"]
[Black "Moore, Harry"]
[Result "1-0"]
[WhiteElo "1848"]
[BlackElo "2209"]
[PlyCount "87"]
[EventDate "2018.03.30"]
[EventType "swiss"]
[EventRounds "6"]
[EventCountry "CAN"]

1. d4 d5 2. c4 e6 3. Nc3 Nf6 4. Nf3 c5 5. e3 cxd4 6. exd4 Be7 7. Be2 O-O 8. O-O
Nc6 9. Bf4 dxc4 10. Bxc4 b6 11. Rc1 Bb7 12. Qd2 Rc8 13. Be2 Nd5 14. Bg3 Na5 15.
Ne5 Bg5 16. f4 Bh4 17. Rcd1 Bxg3 18. hxg3 Nxc3 19. bxc3 Bd5 20. Bd3 Nc4 21.
Nxc4 Bxc4 22. Bb1 Bd5 23. Kf2 Qf6 24. Rde1 Rfd8 25. Rh1 g6 26. g4 Ba8 27. g5
Qg7 28. Re3 f6 29. Reh3 fxg5 30. Rxh7 Qxh7 31. Rxh7 Kxh7 32. Qd3 Rg8 33. Qh3+
Kg7 34. Qxe6 Kh6 35. fxg5+ Kxg5 36. Qe3+ Kf6 37. Qe5+ Kf7 38. a3 g5 39. Ba2+
Kg6 40. Qe6+ Kh5 41. g4+ Kh4 42. Qh6+ Kxg4 43. Be6+ Kf4 44. Qf6+ 1-0

[Event "Grand Pacific op"]
[Site "Victoria CAN"]
[Date "2018.03.31"]
[Round "2.1"]
[White "Doknjas, Joshua"]
[Black "Cao, Jason"]
[Result "1/2-1/2"]
[WhiteElo "2256"]
[BlackElo "2423"]
[PlyCount "80"]
[EventDate "2018.03.30"]
[EventType "swiss"]
[EventRounds "6"]
[EventCountry "CAN"]

1. e4 c5 2. Nf3 e6 3. d4 cxd4 4. Nxd4 Nc6 5. Nc3 Qc7 6. Be3 a6 7. Qf3 Nf6 8.
O-O-O Be7 9. Kb1 d6 10. Nxc6 bxc6 11. g4 Rb8 12. g5 Nd7 13. h4 Qa5 14. Bd2 Qb6
15. b3 d5 16. h5 O-O 17. Qg3 f6 18. Rg1 fxg5 19. Bxg5 Bxg5 20. Qxg5 Rf7 21.
exd5 cxd5 22. Bd3 Nf8 23. Rg2 Qc7 24. Kb2 Bb7 25. Ne2 e5 26. Bf5 a5 27. Qg4 a4
28. Be6 Nxe6 29. Qxe6 a3+ 30. Kb1 d4 31. Rg3 Be4 32. Rc1 Rc8 33. Nxd4 exd4 34.
Qxe4 Rxf2 35. h6 g6 36. Qd5+ Rf7 37. Rd3 Rd8 38. Qg5 Rf5 39. Qh4 Rf4 40. Qe1
Qc6 1/2-1/2